<?xml version="1.0" encoding="UTF-8"?><?xml-stylesheet type="text/xsl" href="static/style.xsl"?><OAI-PMH xmlns="http://www.openarchives.org/OAI/2.0/" xmlns:xsi="http://www.w3.org/2001/XMLSchema-instance" xsi:schemaLocation="http://www.openarchives.org/OAI/2.0/ http://www.openarchives.org/OAI/2.0/OAI-PMH.xsd"><responseDate>2026-06-06T04:58:42Z</responseDate><request verb="GetRecord" identifier="oai:riuma.uma.es:10630/22809" metadataPrefix="marc">https://riuma.uma.es/rest/oai/request</request><GetRecord><record><header><identifier>oai:riuma.uma.es:10630/22809</identifier><datestamp>2026-02-03T12:26:40Z</datestamp><setSpec>com_10630_2254</setSpec><setSpec>col_10630_37959</setSpec></header><metadata><record xmlns="http://www.loc.gov/MARC21/slim" xmlns:dcterms="http://purl.org/dc/terms/" xmlns:doc="http://www.lyncode.com/xoai" xmlns:xsi="http://www.w3.org/2001/XMLSchema-instance" xsi:schemaLocation="http://www.loc.gov/MARC21/slim http://www.loc.gov/standards/marcxml/schema/MARC21slim.xsd">
   <leader>00925njm 22002777a 4500</leader>
   <datafield ind2=" " ind1=" " tag="042">
      <subfield code="a">dc</subfield>
   </datafield>
   <datafield ind2=" " ind1=" " tag="720">
      <subfield code="a">Leiva-Rebollo, Rocío</subfield>
      <subfield code="e">author</subfield>
   </datafield>
   <datafield ind2=" " ind1=" " tag="720">
      <subfield code="a">Gémez-Mata, Juan</subfield>
      <subfield code="e">author</subfield>
   </datafield>
   <datafield ind2=" " ind1=" " tag="720">
      <subfield code="a">Castro-López, María Dolores</subfield>
      <subfield code="e">author</subfield>
   </datafield>
   <datafield ind2=" " ind1=" " tag="720">
      <subfield code="a">Borrego-García, Juan José</subfield>
      <subfield code="e">author</subfield>
   </datafield>
   <datafield ind2=" " ind1=" " tag="720">
      <subfield code="a">Labella Vera, Alejandro Manuel</subfield>
      <subfield code="e">author</subfield>
   </datafield>
   <datafield ind2=" " ind1=" " tag="260">
      <subfield code="c">2021</subfield>
   </datafield>
   <datafield ind2=" " ind1=" " tag="520">
      <subfield code="a">The immune-related gene expression in vaccinated gilthead seabream after Lymphocystis Disease Virus 3 (LCDV-Sa) infection was analysed by using an OpenArray based on TaqMan qPCR. The DNA vaccine used in this study encodes the viral major capsid protein and confers protection against LCDV-Sa infection in juvenile gilthead seabream.&#xd;
Gilthead seabream juveniles were distributed into four experimental groups and intramuscularly injected with the vaccine (vaccinated group), the empty-plasmid (mock-vaccinated group), or PBS (control groups). Thirty days after vaccination, vaccinated and mock-vaccinated fish, as well as one of the control groups, were injected intraperitoneally with LCDV-Sa (106 TCID50/fish). Samples of head-kidney (HK) from 6 fish were individually collected 1 and 3 days post-infection (dpi). The relative expression levels of 49 genes related to the immune response and 4 reference genes were analysed using an OpenArray. Samples from the non-infected control group were used as calibrator.&#xd;
The number of genes differentially expressed (DEG) in HK at 1 dpi was higher in vaccinated fish compared with both mock-vaccinated and non-vaccinated animals. At 3 dpi, most DEG were upregulated, and the differences in their number among groups were minimized. The recombination-activating gene 1 (rag1), a mediator of development of B and T lymphocytes, was the only gene upregulated in HK samples at 1 dpi. This gene was also upregulated in non-vaccinated animals but at 3 dpi. In contrast, early mx induction was observed in non-vaccinated animals (upregulation of mx2 at 1 dpi) in comparison to vaccinated seabreams (upregulation of mx1 and mx2 at 3 dpi).&#xd;
The results that will be discussed could evidence the role of the DNA vaccine as regulator of the primary lymphoid tissues (HK) in gilthead seabream against LCDV-Sa infection, through downregulation of inflammation related-genes, early upregulation of rag1, and a later expression of interferon stimulated genes.</subfield>
   </datafield>
   <datafield ind1="8" ind2=" " tag="024">
      <subfield code="a">https://hdl.handle.net/10630/22809</subfield>
   </datafield>
   <datafield tag="653" ind2=" " ind1=" ">
      <subfield code="a">Peces -- Enfermedades</subfield>
   </datafield>
   <datafield tag="653" ind2=" " ind1=" ">
      <subfield code="a">Marisco -- Enfermedades</subfield>
   </datafield>
   <datafield ind2="0" ind1="0" tag="245">
      <subfield code="a">Evaluation of immune response after LCDV-Sa infection in DNA-vaccinated gilthead seabream</subfield>
   </datafield>
</record>
</metadata></record></GetRecord></OAI-PMH>